| 000 | 00559cam a2200229 4500 | ||
|---|---|---|---|
| 001 | J2216 | ||
| 008 | 090401t1994 xxu||||| |||| 00| 0 eng d | ||
| 035 | _a(Sirsi) u47802 | ||
| 041 | _aeng | ||
| 050 | _a333.335 | ||
| 110 |
_aSavills _92020 |
||
| 245 | _aLand report. - Number 1 (October 1981 - Number 43 (Spring 1994) | ||
| 260 |
_aLondon _bSavills _c1981-1994 |
||
| 300 | _a1 sheet ; 30cm. | ||
| 350 | _a0 | ||
| 650 | _aFARM LAND | ||
| 650 | _aLAND PRICES | ||
| 650 | _aTAXATION | ||
| 690 | _aRURAL PRACTICE | ||
| 942 | _n0 | ||
| 948 | _c04/03/1997 | ||
| 999 |
_c92206 _d92206 |
||